00667nam a2200181 a 450000100100000000500170001000800410002704000250006804100080009310000580010124501170015926000360027630000210031250000210033304900090035495201050036399900170046800003363820200930070414.0110902s1893 xxu 000 0 spa d aDO-SdBNPbspacBNPHU17aeng1 aClarke, Richard H.d1827-1911q(Richard Henry)95911210aOld and new lights on Columbus :bwith observations on controverted/ points and criticisms /cRichard H. Clarke. aNew York :bR.H. Clarke,c1893. a600 p. ;c26 cm. aIncluye índice aBNPD 001050718RVaGRbGRcCTd2011-09-02iLF1l0o p33638-10r2020-06-25w2020-06-25y1ZNo se presta c33129d33129